|
|
|
|
| LEADER |
00000nam0a2200000 4500 |
| 001 |
88182 |
| 005 |
20231031102535.0 |
| 010 |
|
|
|a 5884460090
|
| 035 |
|
|
|a (RuTPU)RU\TPU\book\94662
|
| 035 |
|
|
|a RU\TPU\book\71488
|
| 090 |
|
|
|a 88182
|
| 100 |
|
|
|a 20051222d1993 m y0rusy50 ca
|
| 101 |
1 |
|
|a rus
|c eng
|
| 102 |
|
|
|a RU
|
| 105 |
|
|
|a y z 000ay
|
| 200 |
1 |
|
|a Грешники. Голливудский зоопарк
|e романы
|e пер. с англ.
|f Дж. Коллинз
|
| 210 |
|
|
|a Москва
|c Ефрат
|d 1993
|
| 215 |
|
|
|a 443 с.
|
| 333 |
|
|
|a Исключено из фонда НТБ ТПУ
|
| 700 |
|
1 |
|a Коллинз
|b Дж.
|g Джеки
|
| 801 |
|
1 |
|a RU
|b 63413507
|c 20040913
|g PSBO
|
| 801 |
|
2 |
|a RU
|b 63413507
|c 20170906
|g PSBO
|
| 942 |
|
|
|c BK
|